000 00243nam a2200097Ia 4500
008 240331s9999 xx 000 0 und d
082 _bBOU
100 _aBoilding,E
245 4 _aThe underside of history :
_baview of women through time
942 _cL
999 _c4472
_d4472